วิทยาลัยพยาบาลบรมราชชนนี ยะลา
ระบบห้องสมุดอัตโนมัติ ULIBM BCNYALA - V.6
เปลี่ยนเป็นภาษาไทย

Change to English
 แสดงรายละเอียดบรรณานุกรม
  กลับหน้าหลัก

Brief Record : Get Marc (ISO 2709) : E-mail record : QR code ปิดหน้าต่าง
สมองแห่งความสำเร็จของนักจัดระเบียบความคิด Review โดย
ใช้งานได้ทุกระบบ
ห้องสมุดวพบ.ยะลา
ใช้งานได้ทุกระบบ เมื่อ23/เมษายน/2569
สารบัญ

บทที่ 1 ทักษะการจัดระเบียบความคิดที่เปลี่ยนชีวิต
บทที่ 2 เครื่องมือที่เหมาะสมสำหรับสถานการณ์ต่างๆ
บทที่ 3 เทคนิคจัดระเบียบความคิดของคุณ
บทที่ 4 เทคนิคจัดระเบียบเวลาของคุณ
บทที่ 5 เทคนิคจัดระเบียบเป้าหมายของคุณ
บทที่ 6 เทคนิคจัดระเบียบปัญหาของคุณ

E-books : เกี่ยวกับ Collections
LEADER 00000nam 2200000uu 4500
001    3851
003     ULIBM
008    260423s2568||||th 000 0 tha d
020    ^a9786161880538
050  4 ^aBF441^bพ111ส
100 0  ^aพก,จูฮวัน
245 10 ^aสมองแห่งความสำเร็จของนักจัดระเบียบความคิด/^cพกจูฮวัน,เขียน สุมาลี สูนจันทร์,แปล
250    ^aพิมพ์ครั้งที่ 4
260    ^aกรุงเทพฯ :^bอมรินทร์ฮาวทู,^c2568.
300    ^a272หน้า :^bภาพประกอบ;^c21 ซม.
650  7 ^aจิตวิทยาประยุกต์
650  7 ^aการพัฒนาตนเอง
700 0  ^aสุมาลี สูนจันทร์,แปล
999    ^aฮัซวานี
รายการนี้ยังไม่มีแท็ก
คุณยังไม่ได้ล็อกอิน คุณสามารถมีกิจกรรมร่วมกับเว็บไซต์ได้ แต่ต้องล็อกอินก่อน ::
  ล็อกอิน
ลำดับที่ ประเภท เลขเรียก สถานที่ สถานะ
1. หนังสือทั่วไป
หนังสือทั่วไป
BF441 พ111ส 2568 ฉ.1 
  
ห้องสมุดวพบ.ยะลา
►หนังสือทั่วไปภาษาไทย
On Shelf
   [แสดง 1/1 รายการ]

รายการใกล้เคียง
    หัวเรื่อง [จิตวิทยาประยุกต์]
    หัวเรื่อง [การพัฒนาตนเอง]

BibComment


ยังไม่เคยถูกคอมเมนท์

คอมเมนท์ทรัพยากรรายการนี้
  คอมเมนท์: สมองแห่งความสำเร..
Bib 3851

 
 
 

 Union Library Management : ULibM

ดูหนังออนไลน์

Copyright 2026. All Rights Reserved.